| 000 | 01291nam a2200277 a 4500 | ||
|---|---|---|---|
| 001 | 43530 | ||
| 003 | BD-RjUL | ||
| 005 | 20211209053718.0 | ||
| 008 | 160622s1943 enk 000 0 eng d | ||
| 035 |
_a(BD-RjUL)43648 _aCURL 030000418218(Gla) from jrlc0701 |
||
| 040 |
_aBD-RjUL _beng _cBD-RjUL |
||
| 041 | _aeng | ||
| 082 |
_223 _a338.942 _bPLA 1943 |
||
| 245 | 0 | 0 |
_aPlan for Britain : _ba collection of essays prepared for the Fabian Society / _cby G. D. H. Cole ... [et al.] |
| 260 |
_aLondon : _bthe labour book service, _c1943. |
||
| 300 |
_avii, 127 p. ; _c19 cm. |
||
| 505 | 0 | _aContents: Plan for living / by G. D. H. Cole -- Plan for work / by Aneurin Bevan -- Plan for the key industries / by Jim Griffiths -- Plan for the land / by L. F. Easterbrook -- Freedom from idleness / by Sir William Beveridge -- Choosing the planners / by H. J. Laski. | |
| 650 | 0 |
_aReconstruction (1939-1951) _zGreat Britain. _9133720 |
|
| 651 | 0 |
_aGreat Britain _xEconomic policy _9133721 |
|
| 700 | 1 |
_aCole, G. D. H. _q(George Douglas Howard), _d1889-1959. _9127557 |
|
| 700 | 1 | 2 |
_aBevan, Aneurin, _d1897-1960. _9133722 |
| 700 | 1 | 2 |
_aBeveridge, William Henry Beveridge, _cBaron, _d1879-1963. _9133723 |
| 710 | 2 |
_aFabian Society (Great Britain) _9133105 |
|
| 942 |
_2ddc _cBK |
||
| 999 |
_c43530 _d43530 |
||